|
|
|
|
| LEADER |
00000nam a22000007i 4500 |
| 001 |
IT\ICCU\RMB\0670396 |
| 003 |
ItRI |
| 005 |
20240326184806.0 |
| 008 |
090108s2007 it |||||| ||||| |||||c |
| 020 |
|
|
|a 9788890280726
|
| 040 |
|
|
|b ita
|c GP
|
| 041 |
|
7 |
|a ita
|2 ISO-639-2
|
| 245 |
0 |
0 |
|a Catherine /
|c Globalgroove ; postfazione di Ninì Candalino.
|
| 260 |
|
|
|a Roma :
|b Livello quattro,
|c 2007
|
| 300 |
|
|
|a 103, IX p. ;
|c 18 cm.
|
| 942 |
|
|
|2 ddc
|c BK
|
| 952 |
|
|
|0 0
|1 0
|2 ddc
|4 0
|6 853_920000000000000_GLO
|7 1
|9 1097
|a RM
|b RM
|d 2024-03-26
|l 0
|o 853.92 GLO
|p 619
|r 2024-03-26 18:48:29
|w 2024-03-26
|y BK
|
| 981 |
|
1 |
|6 z01
|a i
|b xxxe
|
| 982 |
|
1 |
|6 z01
|a n
|
| 999 |
|
|
|c 1004
|d 1004
|